|
|
|
|
| LEADER |
00000nlm0a2200000 4500 |
| 001 |
308230 |
| 005 |
20240222064828.0 |
| 035 |
|
|
|a (RuTPU)RU\TPU\book\333539
|
| 035 |
|
|
|a RU\TPU\book\333533
|
| 090 |
|
|
|a 308230
|
| 100 |
|
|
|a 20151029d2015 k y0rusy50 ca
|
| 101 |
0 |
|
|a rus
|
| 102 |
|
|
|a RU
|
| 105 |
|
|
|a a dm 001zy
|
| 135 |
|
|
|a drcn ---uucaa
|
| 181 |
|
0 |
|a i
|
| 182 |
|
0 |
|a b
|
| 200 |
1 |
|
|a Прогностическое моделирование процессов теплопереноса при оценках погрешностей измерений температур в узлах, блоках и агрегатах тепловых электрических станций
|e автореферат диссертации на соискание ученой степени кандидата технических наук
|e спец. 05.14.14; 01.04.14
|f Ю. К. Атрошенко
|g Национальный исследовательский Томский политехнический университет (ТПУ), Энергетический институт (ЭНИН), Кафедра автоматизации теплоэнергетических процессов (АТП) ; науч. рук. П. А. Стрижак, И. П. Озерова
|
| 203 |
|
|
|a Текст
|c электронный
|
| 210 |
|
|
|a Томск
|d 2015
|
| 215 |
|
|
|a 1 файл (1.0 Mb)
|
| 300 |
|
|
|a Заглавие с титульного экрана
|
| 300 |
|
|
|a Электронная версия печатной публикации
|
| 337 |
|
|
|a Adobe Reader
|
| 452 |
|
1 |
|0 (RuTPU)RU\TPU\book\338414
|t Прогностическое моделирование процессов теплопереноса при оценках погрешностей измерений температур в узлах, блоках и агрегатах тепловых электрических станций
|o автореферат диссертации на соискание ученой степени кандидата технических наук
|o спец. 05.14.14
|o спец. 01.04.14
|f Ю. К. Атрошенко
|g Национальный исследовательский Томский политехнический университет (ТПУ) ; науч. рук. П. А. Стрижак ; науч. рук. И. П. Озерова
|c Томск
|n [Б. и.]
|d 2015
|p 18 с.
|a Атрошенко, Юлиана Константиновна
|
| 606 |
1 |
|
|a Тепловые электрические станции
|x Теплосиловое оборудование
|x Термодинамика
|2 stltpush
|3 (RuTPU)RU\TPU\subj\59690
|9 77191
|
| 610 |
1 |
|
|a авторефераты диссертаций
|
| 610 |
1 |
|
|a электронный ресурс
|
| 610 |
1 |
|
|a труды учёных ТПУ
|
| 610 |
1 |
|
|a ТЭС
|
| 610 |
1 |
|
|a блоки
|
| 610 |
1 |
|
|a узлы
|
| 610 |
1 |
|
|a контактные термоэлектрические преобразования
|
| 610 |
1 |
|
|a погрешности
|
| 610 |
1 |
|
|a высокие температуры
|
| 610 |
1 |
|
|a тепловые потоки
|
| 610 |
1 |
|
|a теплоперенос
|
| 610 |
1 |
|
|a моделирование
|
| 675 |
|
|
|a 621.311.22.002.5:621.1.016(04)
|v 3
|
| 686 |
|
|
|a 05.14.14
|2 oksvnk
|
| 686 |
|
|
|a 01.04.14
|2 oksvnk
|
| 700 |
|
1 |
|a Атрошенко
|b Ю. К.
|c специалист в области теплоэнергетики
|c старший преподаватель Томского политехнического университета, инженер
|f 1989-
|g Юлиана Константиновна
|3 (RuTPU)RU\TPU\pers\32495
|9 16442
|
| 702 |
|
1 |
|a Стрижак
|b П. А.
|c специалист в области теплоэнергетики
|c профессор Томского политехнического университета, доктор физико-математических наук
|f 1985-
|g Павел Александрович
|x TPU
|y Томск
|3 (RuTPU)RU\TPU\pers\25983
|4 727
|9 11832
|
| 702 |
|
1 |
|a Озерова
|b И. П.
|c специалист в области теплоэнергетики
|c доцент Томского политехнического университета
|f 1952-
|g Ирина Петровна
|3 (RuTPU)RU\TPU\pers\26842
|4 727
|9 12461
|
| 712 |
0 |
2 |
|a Национальный исследовательский Томский политехнический университет (ТПУ)
|b Энергетический институт (ЭНИН)
|b Кафедра автоматизации теплоэнергетических процессов (АТП)
|3 (RuTPU)RU\TPU\col\18678
|
| 801 |
|
2 |
|a RU
|b 63413507
|c 20160202
|g RCR
|
| 856 |
4 |
|
|u http://www.lib.tpu.ru/fulltext/a/2015/71.pdf
|
| 942 |
|
|
|c CF
|